000 00306nam a2200133 i 4500
001 bg
100 1 _aNOTKOWSKI, Andrzej
245 0 _aLudwik Warzyński /
_cAndrzej Notkowski.
260 _aWrocław,
_c1978.
040 _cBPK
041 _apol
942 _cKS
008 s pl f |000 0 pol
999 _c18742
_d18742
856 _uhttp://koha.tu.koszalin.pl/cgi-bin/koha/opac-detail.pl?biblionumber=18742
_yKatalog online BPK